000 03980cam a22013214i 4500
003 PE-LiUPU
005 20250813185629.0
008 150706s2007 mx a r 000 0 spa d
020 _a9789682477263
035 _a(Sirsi) i9789682477263
040 _aPE-LiUPU
_bspa
_cPE-LiUPU
_erda
049 _aPRUA
082 0 4 _a370.155
_bD97
_221
082 0 4 _a152.334
_bD98 2009
_221
100 1 _aDurivage, Johanne,
_eautor.
245 1 0 _aEducación y psicomotricidad :
_bmanual para el nivel preescolar /
_cJohanne Durivage.
250 _aTercera edición.
264 1 _aMexico :
_bTrillas,
_c2007.
300 _a104 páginas :
_bilustraciones ;
_c23 centímetros.
336 _atext
_2rdacontent
337 _aunmediated
_2rdamedia
338 _avolume
_2rdacarrier
504 _aIncluye bibliografía.
505 0 _aTeoría de la psicomotricidad -- Desarrollo del niño -- Desarrollo psicomotor -- Educación y psicomotricidad -- Práctica de la psicomotricidad -- Psicomotricidad aplicada.
526 _aP202
526 _aP201
526 _aP163
526 _aP162
526 _aP161
526 _aP160
526 _aP148
526 _aP147
526 _aP146
526 _aP145
526 _aP144
526 _aP143
526 _aP142
526 _aP141
526 _aP140
526 _aP139
526 _aP138
526 _aP137
526 _aP136
526 _aP135
526 _aP134
526 _aP133
526 _aP129
526 _aP128
526 _aP127
526 _aP120
526 _aP119
526 _aP118
526 _aP116
526 _aP115
526 _aP114
526 _aP110
526 _aP109
526 _aP108
526 _aP104
526 _aP103
526 _aP102
526 _aP99
526 _aP98
526 _aP97
526 _aP96
526 _aP95
526 _aP93
526 _aP90
526 _aP89
526 _aP88
526 _aP83
526 _aP82
526 _aP62
526 _aP59
526 _aP58
526 _aP57
526 _aP51
526 _aP49
526 _aP48
526 _aP47
526 _aP29
526 _aP24
526 _aP20
526 _aP19
526 _aP17
526 _aP15
526 _aP14
526 _aP12
526 _aP10
526 _aP09
526 _aP08
526 _aP07
526 _aP06
526 _aP05
526 _aP04
526 _aP01
541 _g001-0037503;
650 0 4 _aHabilidad motora en niños
_vManuales, etc.
650 0 4 _aEducación física de niños
_vManuales, etc.
650 0 4 _aProgramas de actividades en la educación.
910 _agl
_clch
_d20130918
910 _btqv
_crmch
_d20180105
942 _2ddc
_cBOOK
949 _a370.155 D97
_wDEWEY
_c1
_i68309
_lCCODEBUL1
_mBUL
_p14.00
_r0
_sY
_tBOOK
_u2015-7-6
_xEDUCACION
_PP20
_o.STAFF. Colección General
949 _a152.334 D98 2009
_wDEWEY
_c1
_iFJ09851
_lCCODEBUJ1
_mBUJ
_p14.00
_r0
_sY
_tBOOK
_u2018-01-05
_xEDUCACION
_PP20
_o.STAFF. Colección General Juliaca
949 _a152.334 D98 2009
_wDEWEY
_c2
_iFJ01701
_lCCODEBUJ1
_mBUJ
_p14.00
_r0
_sY
_tBOOK
_u2018-01-05
_xEDUCACION
_PP20
_o.STAFF. Colección General Juliaca
994 _aC0
_bPEPRU
596 _a1 3
999 _a370.155 D97
_wDEWEY
_c55717
_i68309
_d55717
_e2019-9-9
_f2021-11-8
_g5
_lCCODEBUL1
_mBUL
_n5
_p14.00
_r0
_sY
_tBOOK
_u2015-7-6
_xEDUCACION
_PP20
_0COMPRA
_o.STAFF. Colección General
999 _a152.334 D98 2009
_wDEWEY
_c1
_iFJ09851
_d2019-6-17
_f2022-1-17
_g4
_lCCODEBUJ1
_mBUJ
_p20.00
_q1
_r0
_sY
_tBOOK
_u2015-10-13
_xEDUCACION
_PP20
_0COMPRA
_o.STAFF. Colección General Juliaca
999 _a152.334 D98 2009
_wDEWEY
_c2
_iFJ01701
_d2019-9-16
_e2018-5-24
_f2022-1-17
_g4
_lCCODEBUJ1
_mBUJ
_n2
_p20.00
_q3
_r0
_sY
_tBOOK
_u2015-10-13
_xEDUCACION
_PP20
_0COMPRA
_o.STAFF. Colección General Juliaca
980 _81
_gALBERTO SANCHEZ Responsable de Automatización